La belleza del alma (Record no. 163515)

MARC details
000 -LEADER
campo de control de longitud fija 00896nam a22001935i 4500
001 - NÚMERO DE CONTROL
campo de control 163515
003 - IDENTIFICADOR DE NÚMERO DE CONTROL
campo de control ES-MaACL
005 - FECHA Y HORA DE LA ÚLTIMA TRANSACCIÓN
campo de control 20251012063055.0
008 - DATOS DE LONGITUD FIJA--INFORMACIÓN GENERAL
campo de control de longitud fija 020228s1864 sp |||| | spa d
040 ## - FUENTE DE CATALOGACIÓN
Centro catalogador/agencia de origen CAM
Lengua de catalogación spa
Centro/agencia transcriptor CAM
100 1# - ENTRADA PRINCIPAL--NOMBRE DE PERSONA
Nombre de persona Rico y Amat, Juan,
Fechas asociadas al nombre 1821-1870
9 (RLIN) 131803
245 13 - MENCIÓN DEL TÍTULO
Título La belleza del alma
Resto del título : comedia en tres actos y en verso /
Mención de responsabilidad, etc. original de Juan Rico y Amat.
260 ## - PUBLICACIÓN, DISTRIBUCIÓN, ETC.
Lugar de publicación, distribución, etc. Madrid :
Nombre del editor, distribuidor, etc. [s.n.],
Fecha de publicación, distribución, etc. 1864 (
Fabricante Imprenta de José Rodríguez)
300 ## - DESCRIPCIÓN FÍSICA
Extensión 63 [i.e. 90] p. ;
Dimensiones 19 cm.
500 ## - NOTA GENERAL
Nota general En port.: Representada en el teatro del Príncipe en la noche del 5 de diciembre de 1864.
596 #1 - NOTA AL PIE DE IMPRENTA
NOTA AL PIE DE IMPRENTA Al v. de port. consta : "... Galería dramática y lírica titulada El Teatro..."
852 ## - LOCALIZACIÓN
Ubicación ES-MaACL
Número de control de estantería F-8565(4)
Nota libre -- Enc. pasta española
-- -- Enc. en un vol. facticio formando parte de la col. facticia "Teatro español moderno", vol. 18
Holdings
Estatus retirado Estado de pérdida Estado de daño No para préstamo Colección Biblioteca de origen Biblioteca actual Ubicación en estantería Fecha de adquisición Total de préstamos Signatura topográfica completa Código de barras Visto por última vez Precio de reemplazo Tipo de ítem Koha
        Libros del s. XIX Biblioteca del Ateneo de Madrid Biblioteca del Ateneo de Madrid Sala Pecera Planta 2 17/01/2008   F-8565(4) 1171346 23/02/2023 23/02/2023 Libro impreso antiguo